|
|
|
|
| LEADER |
00000csc a2200000 a 4500 |
| 001 |
57856 |
| 005 |
20230308211950.0 |
| 008 |
000000|1969 ||||||||r|||||||||||spa|| |
| 040 |
|
|
|b spa
|
| 041 |
1 |
|
|a spa
|
| 082 |
0 |
|
|a 030
|
| 100 |
1 |
|
|a Spirkin, A. G.
|
| 245 |
|
|
|a Materialismo dialéctico y Lógica dialéctica
|c A. G. Spirkin. Versión al español de José Laín
|h imp
|
| 264 |
|
|
|a México
|b Grijalbo
|c 1969
|
| 300 |
|
|
|a 158 páginas:
|c 19 cm
|
| 490 |
|
|
|a Colección 70
|n no. 53
|
| 650 |
|
|
|a Materialismo dialectico
|9 7321
|
| 650 |
|
|
|a Logica dialectica
|9 7567
|
| 852 |
|
|
|a UC-CDJBV
|c ESTANTERIA CERRADA
|f Compra
|k lucia.mora
|l 1
|m General
|p 00000000
|r 2
|t 57856
|b 0
|d CDRC
|e CDRC
|g 030 ESTANTERIA CERRADA
|z 0000-00-00
|
| 942 |
|
|
|
| 999 |
|
|
|c 120481
|d 120481
|